00000000nas 2200000za 4500
0019.817906
003CaOODSP
00520221107142604
007cr |||||||||||
008160518d19131913onc x m o||||f0   |0fre|d
040 |aCaOODSP|bfre
043 |an-cn---
0861 |aA12-6F-PDF
1300 |aBulletin (Canada. Ministère fédéral de l'agriculture)
24510|aBulletin |h[ressource électronique] / |cDominion du Canada, Ministère fédéral de l'agriculture.
260 |aOttawa : |bDominion du Canada, Ministère fédéral de l'agriculture, |c1913.
300 |av. : |bill.
310 |aIrrégulier.
3620 |aNº 2B
500 |aPublié aussi en anglais sous le titre : Bulletin.
515 |aParaît depuis Nº 2B?. Ne paraît plus après Nº 2B?
69207|2gccst|aProduit agro-alimentaire
7101 |aCanada. |bMinistère de l'agriculture.
77508|tBulletin |w(CaOODSP)9.817895